000 00532nam a2200169 i 4500
001 45174
003 ES-MaACL
005 20230906161154.0
007 t|
008 030325s1891 xxk ||||1| eng d
100 1 _aCodrington, R. H.
_939447
245 1 4 _aThe melanesians
_b: studies in their anthropology and folk-lore /
_cby R. H. Codrington.
260 _aOxford :
_bClarendon Press,
_c1891.
300 _aXVI, 419 p., 1 lám. :
_bil. ;
_c23 cm.
651 4 _aMelanesia-
_xUsos y costumbres.
_9165288
852 _aES-MaACL
_jD-1667
999 _c45174
_d45174